GATE 2024 General Aptitude (Record no. 12698)
[ view plain ]
| 000 -LEADER | |
|---|---|
| fixed length control field | 00376nam a2200157 4500 |
| 003 - CONTROL NUMBER IDENTIFIER | |
| control field | OSt |
| 008 - FIXED-LENGTH DATA ELEMENTS--GENERAL INFORMATION | |
| fixed length control field | 240515b |||||||| |||| 00| 0 eng d |
| 020 ## - INTERNATIONAL STANDARD BOOK NUMBER | |
| International Standard Book Number | 9789356811874 |
| 082 ## - DEWEY DECIMAL CLASSIFICATION NUMBER | |
| Classification number | 371.264 |
| 100 ## - MAIN ENTRY--PERSONAL NAME | |
| Personal name | GKP |
| 245 ## - TITLE STATEMENT | |
| Title | GATE 2024 General Aptitude |
| 260 ## - PUBLICATION, DISTRIBUTION, ETC. (IMPRINT) | |
| Place of publication, distribution, etc | New Delhi |
| Name of publisher, distributor, etc | GK Publication (P) Ltd. |
| Date of publication, distribution, etc | 2023 |
| 300 ## - PHYSICAL DESCRIPTION | |
| Extent | 330 |
| 700 ## - ADDED ENTRY--PERSONAL NAME | |
| Personal name | GARG, Vinit Ed. |
| 942 ## - ADDED ENTRY ELEMENTS (KOHA) | |
| Source of classification or shelving scheme | Dewey Decimal Classification |
| Koha item type | Reference Books |
| Withdrawn status | Lost status | Source of classification or shelving scheme | Damaged status | Not for loan | Collection code | Home library | Current library | Date acquired | Source of acquisition | Currency | Cost, normal purchase price | Bill Number | Total Checkouts | Full call number | Acc. no. / Barcode | Date last seen | Actual Cost, discounted price | Bill Date | Koha item type | Public note |
|---|---|---|---|---|---|---|---|---|---|---|---|---|---|---|---|---|---|---|---|---|
| Dewey Decimal Classification | GENERAL | PIET C-LIBRARY | PIET C-LIBRARY | 27/03/2024 | Zaffa Books and Distributors | In Rupees | 425.00 | ZBD0457 | 371.264 | 36884 | 15/05/2024 | 297.50 | 27/03/2024 | Reference Books | General |